[Event "Voronezh op-B 13th"]
[Site "Voronezh"]
[Date "2009.06.19"]
[Round "8"]
[White "Strelnikova, Elena"]
[Black "Sychev, Vitaly"]
[Result "0-1"]
[WhiteElo "2008"]
[BlackElo "2079"]
[PlyCount "52"]
[EventDate "2009.06.12"]
[EventType "swiss"]
[EventRounds "9"]
[EventCountry "RUS"]
[SourceTitle "CBM 130 Extra"]
[Source "ChessBase"]
[SourceDate "2009.07.02"]
[SourceVersion "2"]
[SourceVersionDate "2009.07.15"]
[SourceQuality "1"]

1. e4 e5 2. Bc4 Nf6 3. d3 g6 4. Nf3 d6 5. Ng5 d5 6. exd5 Bd6 7. Ne4 Nbd7 8. Bh6 Bf8 9. Bxf8 Nxf8 10. Qf3 N8d7 11. Nbc3 0-0 12. g4 Kg7 13. 0-0-0 Nb6 14. Nxf6 Qxf6 15. Qxf6+ Kxf6 16. f3 Bd7 17. h4 Kg7 18. Rde1 Rae8 19. Ne4 h6 20. g5 Bf5 21. gxh6+ Kxh6 22. Bb3 Nc8 23. c4 Nd6 24. Nf6 Re7 25. c5 Ne8 26. d6 cxd6 0-1

[Event "Voronezh op-B 13th"]
[Site "Voronezh"]
[Date "2009.06.18"]
[Round "7"]
[White "Kozhevnikov, Evgraf"]
[Black "Strelnikova, Elena"]
[Result "0-1"]
[WhiteElo "1991"]
[BlackElo "2008"]
[PlyCount "60"]
[EventDate "2009.06.12"]
[EventType "swiss"]
[EventRounds "9"]
[EventCountry "RUS"]
[SourceTitle "CBM 130 Extra"]
[Source "ChessBase"]
[SourceDate "2009.07.02"]
[SourceVersion "2"]
[SourceVersionDate "2009.07.15"]
[SourceQuality "1"]

1. d4 d6 2. Nf3 g6 3. e4 Bg7 4. Nc3 Nf6 5. Be2 0-0 6. 0-0 a6 7. Be3 b5 8. a3 Nbd7 9. Nd2 e6 10. f4 Bb7 11. Bf3 c5 12. Nb3 b4 13. axb4 cxb4 14. Na2 a5 15. Nd2 Qc7 16. Rc1 Nb6 17. b3 Rac8 18. c4 Nfd7 19. e5 dxe5 20. fxe5 f6 21. exf6 Nxf6 22. Rc2 Bxf3 23. Nxf3 Ng4 24. Bc1 Rfd8 25. g3 e5 26. Bg5 Rd7 27. Qe1 Rf7 28. Qe4 Nh6 29. Bxh6 Bxh6 30. Rcf2 Re8 0-1

[Event "Voronezh op-B 13th"]
[Site "Voronezh"]
[Date "2009.06.15"]
[Round "4"]
[White "Orekhov, Nikolai"]
[Black "Strelnikova, Elena"]
[Result "1-0"]
[WhiteElo "1766"]
[BlackElo "2008"]
[PlyCount "61"]
[EventDate "2009.06.12"]
[EventType "swiss"]
[EventRounds "9"]
[EventCountry "RUS"]
[SourceTitle "CBM 130 Extra"]
[Source "ChessBase"]
[SourceDate "2009.07.02"]
[SourceVersion "2"]
[SourceVersionDate "2009.07.15"]
[SourceQuality "1"]

1. d4 Nf6 2. Nf3 d6 3. g3 g6 4. Bg2 Bg7 5. 0-0 0-0 6. c4 c6 7. Nc3 Bf5 8. Nh4 Bd7 9. Rb1 Qc8 10. Re1 Bh3 11. Bh1 Nbd7 12. b3 c5 13. e3 a6 14. Bb2 Rb8 15. Nf3 h6 16. d5 b5 17. Ba1 Bg4 18. Ne2 Nb6 19. Rc1 Qf5 20. Nh4 Qc8 21. f3 g5 22. fxg4 gxh4 23. Bxf6 Bxf6 24. Nf4 hxg3 25. hxg3 Kh8 26. Bf3 Nd7 27. Be4 bxc4 28. bxc4 Rb2 29. Rc2 Rxc2 30. Bxc2 Qb7 31. Qd3 1-0

[Event "Voronezh op-B 13th"]
[Site "Voronezh"]
[Date "2009.06.12"]
[Round "1"]
[White "Strelnikova, Elena"]
[Black "Kiselev, Alexander"]
[Result "0-1"]
[WhiteElo "2008"]
[BlackElo "2121"]
[PlyCount "62"]
[EventDate "2009.06.12"]
[EventType "swiss"]
[EventRounds "9"]
[EventCountry "RUS"]
[SourceTitle "CBM 130 Extra"]
[Source "ChessBase"]
[SourceDate "2009.07.02"]
[SourceVersion "2"]
[SourceVersionDate "2009.07.15"]
[SourceQuality "1"]

1. e4 e5 2. Nf3 Nc6 3. Bc4 Bc5 4. 0-0 d6 5. a3 Bg4 6. c3 Nf6 7. b4 Bb6 8. d3 0-0 9. a4 a5 10. b5 Ne7 11. h3 Bd7 12. Kh2 Ng6 13. Ng5 h6 14. Nf3 Qe7 15. Na3 Kh8 16. Nc2 Ng8 17. Be3 Bxe3 18. Nxe3 c6 19. Nf5 Qf6 20. Ng3 Nf4 21. d4 Rad8 22. Rb1 h5 23. d5 c5 24. Ng1 g6 25. N3e2 Nh6 26. Qd2 Kg7 27. g3 Nxe2 28. Bxe2 Qe7 29. f4 exf4 30. Qxf4 f5 31. Qd2 fxe4 0-1

[Event "RUS-ch Seniors (Women)"]
[Site "Odintsovo"]
[Date "2008.10.10"]
[Round "8"]
[White "Strelnikova, Elena"]
[Black "Aleksyuk, Varvara"]
[Result "1-0"]
[WhiteElo "2008"]
[BlackElo "1865"]
[PlyCount "53"]
[EventDate "2008.10.02"]
[EventType "swiss"]
[EventRounds "9"]
[EventCountry "RUS"]
[SourceTitle "CBM 127 Extra"]
[Source "ChessBase"]
[SourceDate "2009.01.08"]
[SourceVersion "2"]
[SourceVersionDate "2009.01.28"]
[SourceQuality "1"]

1. e4 e5 2. Nf3 Nc6 3. Bc4 Be7 4. Nc3 Nf6 5. d3 h6 6. a3 d6 7. 0-0 0-0 8. b4 a6 9. Qe2 Be6 10. Nd5 Qd7 11. c3 Bg4 12. h3 Bh5 13. Ne3 Bg6 14. Nh4 Kh8 15. Nxg6+ fxg6 16. Kh2 b5 17. Bb3 Na7 18. g3 Nc8 19. f4 exf4 20. gxf4 Nb6 21. f5 g5 22. Nc2 c5 23. Ne3 Qc7 24. Nd5 Nbxd5 25. exd5 Qc8 26. Qxe7 Re8 27. Qxd6 1-0

[Event "RUS-ch Seniors (Women)"]
[Site "Odintsovo"]
[Date "2008.10.09"]
[Round "7"]
[White "Vanchikova, Dulma"]
[Black "Strelnikova, Elena"]
[Result "0-1"]
[WhiteElo "1833"]
[BlackElo "2008"]
[PlyCount "94"]
[EventDate "2008.10.02"]
[EventType "swiss"]
[EventRounds "9"]
[EventCountry "RUS"]
[SourceTitle "CBM 127 Extra"]
[Source "ChessBase"]
[SourceDate "2009.01.08"]
[SourceVersion "2"]
[SourceVersionDate "2009.01.28"]
[SourceQuality "1"]

1. e4 c5 2. Nc3 d6 3. Bc4 Nf6 4. d3 e6 5. Nf3 Be7 6. 0-0 Nc6 7. a3 0-0 8. h3 d5 9. exd5 exd5 10. Ba2 h6 11. Ne2 Bd6 12. Bf4 Be6 13. Bxd6 Qxd6 14. Nh2 b5 15. f4 Rab8 16. f5 Bd7 17. Rf3 Ne5 18. Rf2 Qb6 19. b4 c4 20. d4 Nc6 21. c3 Ne4 22. Rf3 Ne7 23. Ng3 Nxg3 24. Rxg3 Nxf5 25. Rf3 Nd6 26. Bb1 Ne4 27. Bxe4 dxe4 28. Re3 f5 29. Qc2 Bc6 30. Rae1 Rbe8 31. Nf1 f4 32. R3e2 f3 33. gxf3 exf3 34. Rxe8 Bxe8 35. Kf2 Qf6 36. Qe4 Qg5 37. Qg4 Qd8 38. Qe6+ Bf7 39. Qe7 Qc8 40. Qh4 Qf5 41. Ne3 Qd3 42. Kxf3 Bd5+ 43. Kg4 Qe4+ 44. Kg3 Rf3+ 45. Kh2 Qxh4 46. Ng2 Rxh3+ 47. Kg1 Rh1# 0-1

[Event "RUS-ch Seniors (Women)"]
[Site "Odintsovo"]
[Date "2008.10.06"]
[Round "4"]
[White "Strelnikova, Elena"]
[Black "Milyaeva, Nina"]
[Result "1/2-1/2"]
[WhiteElo "2008"]
[BlackElo "1923"]
[PlyCount "94"]
[EventDate "2008.10.02"]
[EventType "swiss"]
[EventRounds "9"]
[EventCountry "RUS"]
[SourceTitle "CBM 127 Extra"]
[Source "ChessBase"]
[SourceDate "2009.01.08"]
[SourceVersion "2"]
[SourceVersionDate "2009.01.28"]
[SourceQuality "1"]

1. e4 d6 2. d4 c5 3. d5 Nf6 4. Nc3 g6 5. Nf3 Bg7 6. h3 Nbd7 7. Be3 a6 8. Qd2 b5 9. Bh6 0-0 10. Bxg7 Kxg7 11. Qe3 Bb7 12. Be2 Re8 13. g4 e6 14. g5 Nh5 15. 0-0-0 b4 16. dxe6 bxc3 17. Qxc3+ Ndf6 18. gxf6+ Qxf6 19. Qxf6+ Nxf6 20. Rxd6 fxe6 21. e5 Nd5 22. Ng5 Bc8 23. Bf3 Ra7 24. c4 Nf4 25. h4 h5 26. Bc6 Ree7 27. Ne4 Ne2+ 28. Kd1 Nd4 29. Nxc5 Nxc6 30. Rxc6 Rac7 31. Rxc7 Rxc7 32. b4 Rf7 33. Ke2 Rf4 34. Rd1 Rf8 35. Rd6 Kf7 36. Nxa6 g5 37. Nc5 gxh4 38. Ne4 Kg6 39. Rd3 Bb7 40. Nf6 Bg2 41. f4 h3 42. Kf2 h4 43. Rd4 Ra8 44. Rd2 Ra3 45. Kg1 Rf3 46. Rxg2+ hxg2 47. Kxg2 Rxf4 1/2-1/2

[Event "Zhigulevskie prostory op"]
[Site "Samara"]
[Date "2008.08.02"]
[Round "9"]
[White "Meiling, Andrei"]
[Black "Strelnikova, Elena"]
[Result "0-1"]
[WhiteElo "1891"]
[BlackElo "2069"]
[PlyCount "65"]
[EventDate "2008.07.25"]
[EventType "swiss"]
[EventRounds "9"]
[EventCountry "RUS"]
[SourceTitle "EXT 2022"]
[Source "ChessBase"]
[SourceDate "2021.10.06"]
[SourceVersion "1"]
[SourceVersionDate "2021.10.06"]
[SourceQuality "1"]

1. d4 Nf6 2. c4 g6 3. Nc3 Bg7 4. Nf3 0-0 5. g3 d6 6. Bg2 c6 7. 0-0 Be6 8. Qd3 Qc8 9. Ng5 Bd7 10. e4 h6 11. Nf3 Bh3 12. Re1 Na6 13. Be3 c5 14. d5 Bg4 15. Qd2 Kh7 16. e5 Ne8 17. exd6 Nxd6 18. Bf4 Nxc4 19. Qe2 Nd6 20. Qxe7 Nf5 21. Qe4 Bxf3 22. Bxf3 Qd7 23. Bg4 Rfe8 24. Bxf5 gxf5 25. Qc4 Bd4 26. Nb5 Bxb2 27. Rxe8 Rxe8 28. Rb1 Re4 29. Qc2 Rb4 30. Rxb2 Rxb5 31. Rxb5 Qxb5 32. Qxf5+ Kg8 33. Be5 0-1

[Event "Zhigulevskie prostory op"]
[Site "Samara"]
[Date "2008.07.30"]
[Round "6"]
[White "Lugovoy, Semen"]
[Black "Strelnikova, Elena"]
[Result "1-0"]
[WhiteElo "1861"]
[BlackElo "2069"]
[PlyCount "65"]
[EventDate "2008.07.25"]
[EventType "swiss"]
[EventRounds "9"]
[EventCountry "RUS"]
[SourceTitle "EXT 2022"]
[Source "ChessBase"]
[SourceDate "2021.10.06"]
[SourceVersion "1"]
[SourceVersionDate "2021.10.06"]
[SourceQuality "1"]

1. e4 c5 2. Nf3 d6 3. d4 cxd4 4. Nxd4 Nf6 5. Nc3 a6 6. g3 g6 7. Bg2 e5 8. Nde2 Bg7 9. 0-0 0-0 10. Nd5 Nxd5 11. Qxd5 Qc7 12. Nc3 Be6 13. Qd1 Nc6 14. Be3 b5 15. a3 Rac8 16. Rc1 Na5 17. Ra1 Nc4 18. Bc1 Rfd8 19. b3 Nxa3 20. Rxa3 b4 21. Rxa6 bxc3 22. Be3 Ra8 23. Qa1 Qb7 24. Rxa8 Rxa8 25. Qxc3 d5 26. exd5 Bxd5 27. Bxd5 Qxd5 28. Qc5 Qb7 29. Rd1 Rc8 30. Qd5 Qxd5 31. Rxd5 Rxc2 32. Rd8+ Bf8 33. Bh6 1-0

[Event "Zhigulevskie prostory op"]
[Site "Samara"]
[Date "2008.07.26"]
[Round "2"]
[White "Lomakin, Sergey"]
[Black "Strelnikova, Elena"]
[Result "0-1"]
[WhiteElo "1588"]
[BlackElo "2069"]
[PlyCount "44"]
[EventDate "2008.07.25"]
[EventType "swiss"]
[EventRounds "9"]
[EventCountry "RUS"]
[SourceTitle "EXT 2022"]
[Source "ChessBase"]
[SourceDate "2021.10.06"]
[SourceVersion "1"]
[SourceVersionDate "2021.10.06"]
[SourceQuality "1"]

1. e4 c5 2. Nf3 d6 3. d4 cxd4 4. Nxd4 Nf6 5. Nd2 a6 6. b3 g6 7. Bb2 Bg7 8. Rb1 Qa5 9. a4 Nxe4 10. b4 Qe5 11. Ne2 Qf5 12. Nxe4 Bxb2 13. Nxd6+ exd6 14. Rxb2 Qf6 15. c3 0-0 16. Rd2 Re8 17. Rxd6 Qxc3+ 18. Rd2 Qxb4 19. h4 Nc6 20. Rg1 Bf5 21. g4 Nd4 22. Rg3 Nc2+ 0-1

[Event "Voronezh op-B"]
[Site "Voronezh"]
[Date "2008.06.15"]
[Round "4"]
[White "Sazonova, Elena"]
[Black "Strelnikova, Elena"]
[Result "1-0"]
[WhiteElo "2195"]
[BlackElo "2069"]
[PlyCount "79"]
[EventDate "2008.06.12"]
[EventType "swiss"]
[EventRounds "9"]
[EventCountry "RUS"]
[SourceTitle "CBM 125 Extra"]
[Source "ChessBase"]
[SourceDate "2008.09.01"]
[SourceVersion "1"]
[SourceVersionDate "2008.09.01"]
[SourceQuality "1"]

1. e4 c5 2. Nf3 d6 3. d4 cxd4 4. Nxd4 a6 5. f4 Nf6 6. Nc3 Nc6 7. Nb3 Bg4 8. Qd2 Bd7 9. Qf2 b5 10. Bd3 g6 11. h3 Bg7 12. 0-0 0-0 13. Be3 Rb8 14. a4 b4 15. Nd5 Nxd5 16. exd5 Na5 17. Ba7 Nxb3 18. cxb3 Ra8 19. Bb6 Qb8 20. a5 Qb7 21. Bc4 h5 22. Rfe1 Bf5 23. Ra4 Qd7 24. Rxb4 e6 25. Qe2 exd5 26. Bxd5 Rae8 27. Be3 Qc8 28. Ra4 Bd7 29. Raa1 Bb5 30. Qd2 Qd7 31. Rac1 Qf5 32. Rc7 Bxb2 33. Bf3 Qd3 34. Qxb2 Rxe3 35. Rd1 Qxb3 36. Qxb3 Rxb3 37. Rxd6 Ra3 38. Bd5 Kg7 39. Be4 Kh6 40. f5 1-0

[Event "RUS-ch (Women) 1st League"]
[Site "Samara"]
[Date "2005.03.27"]
[Round "5"]
[White "Lomakina, Galja"]
[Black "Strelnikova, Elena"]
[Result "1-0"]
[WhiteElo "2196"]
[BlackElo "2124"]
[PlyCount "53"]
[EventDate "2005.03.23"]
[EventType "swiss"]
[EventRounds "9"]
[EventCountry "RUS"]
[SourceTitle "CBM 105 Extra"]
[Source "ChessBase"]
[SourceDate "2005.05.01"]
[SourceVersion "1"]
[SourceVersionDate "2005.05.01"]
[SourceQuality "1"]

1. Nf3 c5 2. g3 Nf6 3. Bg2 Nc6 4. 0-0 e6 5. d3 d5 6. Nbd2 Be7 7. e4 0-0 8. Re1 Re8 9. e5 Nd7 10. Nf1 b5 11. Bf4 Bb7 12. h4 Nb6 13. h5 d4 14. N1h2 Nd5 15. Bd2 c4 16. dxc4 bxc4 17. h6 Rb8 18. hxg7 c3 19. bxc3 dxc3 20. Bh6 Ba6 21. Nd4 Qb6 22. Nxc6 Qxc6 23. Qh5 Qc7 24. Ng4 Rb4 25. Bxd5 exd5 26. e6 Rf4 27. Bxf4 1-0

[Event "RUS-ch (Women) 1st League"]
[Site "Samara"]
[Date "2005.03.26"]
[Round "4"]
[White "Strelnikova, Elena"]
[Black "Semenova, Inna"]
[Result "0-1"]
[WhiteElo "2124"]
[BlackElo "2084"]
[PlyCount "90"]
[EventDate "2005.03.23"]
[EventType "swiss"]
[EventRounds "9"]
[EventCountry "RUS"]
[SourceTitle "CBM 105 Extra"]
[Source "ChessBase"]
[SourceDate "2005.05.01"]
[SourceVersion "1"]
[SourceVersionDate "2005.05.01"]
[SourceQuality "1"]

1. e4 c5 2. c3 e6 3. d4 d5 4. e5 Nc6 5. Nf3 Nh6 6. Bd3 f6 7. 0-0 Nf7 8. Re1 fxe5 9. dxe5 g6 10. h3 Bg7 11. Bf4 0-0 12. Qe2 b6 13. Nbd2 Bb7 14. Rad1 Qc7 15. c4 Nb4 16. Bb1 dxc4 17. Nxc4 Bxf3 18. gxf3 Nd5 19. Bg3 Ng5 20. Be4 Nxh3+ 21. Kh2 Nhf4 22. Qd2 Rad8 23. Qc1 Qe7 24. Bxd5 Nxd5 25. f4 h5 26. Kh3 Bh6 27. Bh4 Qf7 28. Nd6 Rxd6 29. exd6 Qf5+ 30. Kg2 Nxf4+ 31. Qxf4 Qxf4 32. Bg3 Qf3+ 33. Kg1 Bg5 34. d7 h4 35. d8Q Bxd8 36. Rxd8 Rxd8 37. Bxh4 Rd1 38. Rxd1 Qxd1+ 39. Kg2 Qd5+ 40. Kg1 Qxa2 41. Bf6 Kf7 42. Bc3 b5 43. Kg2 a5 44. Kg3 Qb3 45. f3 Qxc3 0-1

[Event "RUS-ch (Women) 1st League"]
[Site "Samara"]
[Date "2005.03.25"]
[Round "3"]
[White "Vazirova, Karina"]
[Black "Strelnikova, Elena"]
[Result "1-0"]
[WhiteElo "2092"]
[BlackElo "2124"]
[PlyCount "91"]
[EventDate "2005.03.23"]
[EventType "swiss"]
[EventRounds "9"]
[EventCountry "RUS"]
[SourceTitle "CBM 105 Extra"]
[Source "ChessBase"]
[SourceDate "2005.05.01"]
[SourceVersion "1"]
[SourceVersionDate "2005.05.01"]
[SourceQuality "1"]

1. d4 Nf6 2. Nf3 e6 3. c4 b6 4. g3 Ba6 5. b3 Bb7 6. Bg2 Bb4+ 7. Bd2 Qe7 8. 0-0 0-0 9. Nc3 Bxc3 10. Bxc3 d5 11. Rc1 dxc4 12. bxc4 Nbd7 13. e3 Qa3 14. Qe2 Ne4 15. Ba1 Rab8 16. Rfd1 Ndf6 17. Ne5 a5 18. f3 Nd6 19. e4 Nc8 20. d5 Ba6 21. Nc6 Ra8 22. e5 Nxd5 23. f4 Qc5+ 24. Qf2 Ne3 25. Rd7 Nxc4 26. Qxc5 bxc5 27. Ne7+ Nxe7 28. Bxa8 Rxa8 29. Rxe7 Rc8 30. Rd1 Bb5 31. Rxc7 Rb8 32. Rb7 Rc8 33. Rxb5 g6 34. Rc1 Ne3 35. Rbxc5 Rd8 36. Rc8 Rxc8 37. Rxc8+ Kg7 38. Ra8 h5 39. Rxa5 h4 40. a4 g5 41. Ra8 gxf4 42. gxf4 Nd5 43. f5 exf5 44. e6+ f6 45. Ra7+ Kg8 46. Rd7 1-0

[Event "EU-ch Seniors 04th"]
[Site "Arvier"]
[Date "2004.09.17"]
[Round "8"]
[White "Strelnikova, Elena"]
[Black "Sorokin, Valentin"]
[Result "0-1"]
[WhiteElo "2133"]
[BlackElo "2388"]
[PlyCount "66"]
[EventDate "2004.09.10"]
[EventType "swiss"]
[EventRounds "9"]
[EventCountry "ITA"]
[SourceTitle "CBM 102 Extra"]
[Source "ChessBase"]
[SourceDate "2004.11.03"]
[SourceVersion "1"]
[SourceVersionDate "2004.11.03"]
[SourceQuality "1"]

1. e4 d5 2. exd5 Nf6 3. d4 Nxd5 4. c4 Nb6 5. Nc3 Nc6 6. Be3 g6 7. d5 Ne5 8. Bd4 f6 9. Bxe5 fxe5 10. Bd3 e6 11. Nf3 Bg7 12. Qe2 0-0 13. 0-0 exd5 14. cxd5 Bg4 15. Be4 Nc8 16. h3 Bd7 17. Bd3 Nd6 18. Rad1 Qe7 19. Rde1 Rae8 20. Qe3 a6 21. Re2 Nf5 22. Qa7 Bc8 23. Rfe1 Qd6 24. Bc4 Qb4 25. Bb3 Nd6 26. Nxe5 Bf5 27. g4 Nc8 28. Qb8 Rxe5 29. Rxe5 Bxe5 30. Rxe5 Nd6 31. Qxc7 Bxg4 32. Re7 Qd4 33. Ne4 Bf3 0-1

[Event "EU-ch Seniors 04th"]
[Site "Arvier"]
[Date "2004.09.14"]
[Round "5"]
[White "Strelnikova, Elena"]
[Black "Marjanovic, Slavko"]
[Result "0-1"]
[WhiteElo "2133"]
[BlackElo "2024"]
[PlyCount "120"]
[EventDate "2004.09.10"]
[EventType "swiss"]
[EventRounds "9"]
[EventCountry "ITA"]
[SourceTitle "CBM 102 Extra"]
[Source "ChessBase"]
[SourceDate "2004.11.03"]
[SourceVersion "1"]
[SourceVersionDate "2004.11.03"]
[SourceQuality "1"]

1. e4 c5 2. c3 e6 3. d4 d5 4. e5 Nc6 5. Nf3 Qb6 6. a3 c4 7. Nbd2 f6 8. exf6 Nxf6 9. g3 Bd6 10. Bg2 0-0 11. 0-0 Bd7 12. Qe2 e5 13. Nxe5 Nxe5 14. dxe5 Rae8 15. Nf3 Ng4 16. Bf4 Bc6 17. h3 Nxe5 18. Nxe5 Bxe5 19. Bxe5 Rf5 20. Bd4 Rxe2 21. Bxb6 axb6 22. Rab1 Rfe5 23. Bf3 Rd2 24. Rfd1 Rxd1+ 25. Rxd1 Kf7 26. Kf1 Ke6 27. Rd4 Kd6 28. Bg2 Kc5 29. Bf3 Bd7 30. Kg2 Bc6 31. Bd1 Bd7 32. f4 Re1 33. Bf3 Bc6 34. Kf2 Re7 35. Rd2 b5 36. Rd4 Kd6 37. h4 Re8 38. h5 Re7 39. Bd1 Bd7 40. Bf3 Be6 41. g4 Bf7 42. g5 b6 43. g6 hxg6 44. hxg6 Bg8 45. Bg4 Re8 46. Rd1 Re4 47. Kf3 Re8 48. Bf5 Re7 49. Rh1 Re8 50. Bc2 d4 51. cxd4 Bd5+ 52. Kf2 Bxh1 53. a4 Be4 54. Bd1 Bxg6 55. axb5 Re4 56. Bf3 Rxd4 57. Ke3 Rd3+ 58. Ke2 Rb3 59. Bc6 Rxb2+ 60. Ke3 c3 0-1

[Event "EU-ch Seniors 04th"]
[Site "Arvier"]
[Date "2004.09.11"]
[Round "2"]
[White "Gruzmann, Boris"]
[Black "Strelnikova, Elena"]
[Result "1-0"]
[WhiteElo "2314"]
[BlackElo "2133"]
[PlyCount "75"]
[EventDate "2004.09.10"]
[EventType "swiss"]
[EventRounds "9"]
[EventCountry "ITA"]
[SourceTitle "CBM 102 Extra"]
[Source "ChessBase"]
[SourceDate "2004.11.03"]
[SourceVersion "1"]
[SourceVersionDate "2004.11.03"]
[SourceQuality "1"]

1. e4 c5 2. Nf3 d6 3. d4 cxd4 4. Nxd4 Nf6 5. Nc3 a6 6. f4 e6 7. f5 Nc6 8. fxe6 fxe6 9. Nxc6 bxc6 10. Bd3 Be7 11. 0-0 0-0 12. Qe2 e5 13. h3 Be6 14. Bc4 Qd7 15. Bg5 h6 16. Bh4 Bxc4 17. Qxc4+ d5 18. Qa4 Bc5+ 19. Kh1 Qe6 20. Bxf6 Rxf6 21. Rxf6 gxf6 22. Qb3 Rd8 23. Rd1 Bd4 24. Ne2 Bc5 25. Ng3 Kf7 26. Nf5 Bf8 27. Qf3 Ke8 28. Rd3 Qf7 29. Qd1 Rd7 30. Rb3 Rb7 31. Qd3 Rb5 32. Qc3 Qd7 33. Qf3 Rxb3 34. axb3 Qf7 35. Ne3 Bc5 36. Ng4 Be7 37. Nxh6 Qg6 38. Nf5 1-0

[Event "Wch Seniors (Women) 13th"]
[Site "Bad Zwischenahn"]
[Date "2003.11.18"]
[Round "2"]
[White "Strelnikova, Elena"]
[Black "Erenska Barlo, Hanna"]
[Result "0-1"]
[WhiteElo "2160"]
[BlackElo "2244"]
[PlyCount "114"]
[EventDate "2003.11.16"]
[EventType "swiss"]
[EventRounds "9"]
[EventCountry "GER"]
[SourceTitle "CBM 097 Extra"]
[Source "ChessBase"]
[SourceDate "2004.01.13"]
[SourceVersion "1"]
[SourceVersionDate "2004.01.13"]
[SourceQuality "1"]

1. e4 c5 2. f4 d5 3. exd5 Qxd5 4. Nc3 Qd8 5. Nf3 Nc6 6. Bb5 Bd7 7. Bxc6 Bxc6 8. d3 e6 9. 0-0 Nf6 10. Qe1 Be7 11. Ne5 Rc8 12. Be3 0-0 13. Nxc6 Rxc6 14. Qg3 Nd5 15. Nxd5 Qxd5 16. b3 Bf6 17. Rad1 Bd4 18. a4 a6 19. Rde1 Bc3 20. Re2 b5 21. axb5 axb5 22. Qf2 f5 23. Qf3 Rd8 24. Kf2 Qxf3+ 25. Kxf3 Kf7 26. h3 Ra8 27. g4 Ra2 28. Bf2 h6 29. Bh4 Ra7 30. Rg1 Rd7 31. Rb1 Rd5 32. Be1 Bf6 33. Bd2 g6 34. Rg2 Rcd6 35. Be3 Rc6 36. Ke2 Bc3 37. Rbg1 c4 38. bxc4 bxc4 39. gxf5 cxd3+ 40. cxd3 exf5 41. Rc1 Rc7 42. Bb6 Re7+ 43. Be3 Bd4 44. Rg3 Ra5 45. Rc2 Ra1 46. Kf2 Bf6 47. Bb6 Bh4 48. Kg2 Bxg3 49. Kxg3 Ra3 50. Rd2 Rd7 51. Kg2 Raxd3 52. Rxd3 Rxd3 53. Bc5 Ke6 54. h4 Kd5 55. Bf8 h5 56. Bh6 Ke4 57. Bg5 Rf3 0-1

[Event "Wch Seniors (Women) 12th"]
[Site "Naumburg"]
[Date "2002.10.31"]
[Round "9"]
[White "Strelnikova, Elena"]
[Black "Shushpanova, Nina Aleksandro"]
[Result "1-0"]
[WhiteElo "2175"]
[BlackElo "2058"]
[PlyCount "71"]
[EventDate "2002.10.21"]
[EventType "swiss"]
[EventRounds "11"]
[EventCountry "GER"]
[SourceTitle "EXT 2006"]
[Source "ChessBase"]
[SourceDate "2005.11.24"]
[SourceVersion "1"]
[SourceVersionDate "2005.11.24"]
[SourceQuality "1"]

1. e4 g6 2. d4 Bg7 3. c3 c6 4. Be3 d5 5. e5 h5 6. Bd3 Nh6 7. Nf3 Bf5 8. 0-0 Bxd3 9. Qxd3 e6 10. Nbd2 Nd7 11. Bg5 Qc7 12. Nh4 Nf5 13. Nxf5 gxf5 14. Qe3 Nf8 15. c4 dxc4 16. Nxc4 Ng6 17. Nd6+ Kf8 18. Rac1 Kg8 19. f4 Bf8 20. Bf6 Rh7 21. Nc4 Be7 22. Bxe7 Qxe7 23. Rf3 Rd8 24. Nd6 Kg7 25. d5 cxd5 26. Qxa7 Rd7 27. g3 h4 28. Rc8 Rh8 29. Rxh8 Kxh8 30. Rc3 Kg7 31. Rc8 Rxd6 32. exd6 Qxd6 33. Qxb7 d4 34. Qc7 Qb4 35. Qc1 d3 36. Qc3+ 1-0

[Event "Wch Seniors (Women) 12th"]
[Site "Naumburg"]
[Date "2002.10.29"]
[Round "7"]
[White "Strelnikova, Elena"]
[Black "Fatalibekova, Elena"]
[Result "0-1"]
[WhiteElo "2175"]
[BlackElo "2297"]
[PlyCount "66"]
[EventDate "2002.10.21"]
[EventType "swiss"]
[EventRounds "11"]
[EventCountry "GER"]
[SourceTitle "EXT 2006"]
[Source "ChessBase"]
[SourceDate "2005.11.24"]
[SourceVersion "1"]
[SourceVersionDate "2005.11.24"]
[SourceQuality "1"]

1. e4 c5 2. f4 Nc6 3. Nf3 g6 4. Bb5 Bg7 5. Nc3 Nd4 6. a4 e6 7. 0-0 Ne7 8. d3 0-0 9. Bc4 d5 10. Ba2 b6 11. e5 Nec6 12. Ne2 Nxf3+ 13. Rxf3 f6 14. exf6 Qxf6 15. c3 Bb7 16. d4 cxd4 17. cxd4 Nxd4 18. Rf2 Rae8 19. Nc3 Kh8 20. Be3 Nf5 21. Bd2 Qd8 22. Re2 Ba6 23. Nb5 Bxb5 24. axb5 Nd4 25. Bc3 Nxe2+ 26. Qxe2 Bxc3 27. bxc3 Qc7 28. c4 Qxf4 29. Qb2+ d4 30. g3 Qe3+ 31. Kg2 e5 32. Qb3 Rf5 33. Rd1 Ref8 0-1